North American Pro Sports Teams By State or Province - Hard Version - Statistics

General Stats
  • This quiz has been taken 222 times
  • The average score is 90 of 124
Answer Stats
State or Province League Answer % Correct
Arizona NFL Arizona Cardinals
94%
Arizona NBA Phoenix Suns
89%
Arizona MLB Arizona Diamondbacks
88%
Alberta NHL Calgary Flames
87%
California NBA Los Angeles Lakers
85%
California NFL Los Angeles Rams
85%
Alberta NHL Edmonton Oilers
84%
California NFL Los Angeles Chargers
83%
California NBA Golden State Warriors
82%
California NBA Los Angeles Clippers
82%
Arizona NHL Arizona Coyotes
80%
California MLB Los Angeles Dodgers
80%
California NFL San Francisco 49ers
80%
California NBA Sacramento Kings
79%
Colorado NFL Denver Broncos
78%
Colorado NBA Denver Nuggets
78%
California MLB Los Angeles Angels
78%
British Columbia NHL Vancouver Canucks
78%
Georgia NFL Atlanta Falcons
77%
Florida NFL Miami Dolphins
77%
Florida NBA Miami Heat
77%
California MLB San Diego Padres
77%
California MLB San Francisco Giants
77%
California NHL Anaheim Ducks
76%
Georgia NBA Atlanta Hawks
76%
Maryland NFL Baltimore Ravens
74%
Massachusetts NBA Boston Celtics
74%
Illinois NFL Chicago Bears
74%
Illinois NBA Chicago Bulls
74%
Colorado MLB Colorado Rockies
74%
Michigan NFL Detroit Lions
74%
Indiana NBA Indiana Pacers
74%
Nevada NFL Las Vegas Raiders
74%
California NHL Los Angeles Kings
74%
Minnesota NBA Minnesota Timberwolves
74%
Minnesota NFL Minnesota Vikings
74%
Massachusetts NFL New England Patriots
74%
Louisiana NBA New Orleans Pelicans
74%
Louisiana NFL New Orleans Saints
74%
New York NFL New York Jets
74%
Florida NFL Tampa Bay Buccaneers
74%
District of Columbia NBA Washington Wizards
74%
Massachusetts NHL Boston Bruins
73%
Massachusetts MLB Boston Red Sox
73%
Illinois MLB Chicago White Sox
73%
Colorado NHL Colorado Avalanche
73%
Michigan NBA Detroit Pistons
73%
Michigan MLB Detroit Tigers
73%
Texas NFL Houston Texans
73%
Indiana NFL Indianapolis Colts
73%
Florida NFL Jacksonville Jaguars
73%
New York NFL New York Giants
73%
New York NBA New York Knicks
73%
Oklahoma NBA Oklahoma City Thunder
73%
Florida NBA Orlando Magic
73%
Pennsylvania NBA Philadelphia 76ers
73%
Pennsylvania NFL Pittsburgh Steelers
73%
California NHL San Jose Sharks
73%
New York NBA Brooklyn Nets
72%
New York NFL Buffalo Bills
72%
North Carolina NFL Carolina Panthers
72%
North Carolina NBA Charlotte Hornets
72%
Illinois MLB Chicago Cubs
72%
Ohio NFL Cincinnati Bengals
72%
Ohio NFL Cleveland Browns
72%
Texas NFL Dallas Cowboys
72%
Florida MLB Miami Marlins
72%
Minnesota MLB Minnesota Twins
72%
New York MLB New York Yankees
72%
Pennsylvania NFL Philadelphia Eagles
72%
Tennessee NFL Tennessee Titans
72%
Ontario NBA Toronto Raptors
72%
Utah NBA Utah Jazz
72%
District of Columbia MLB Washington Nationals
72%
Georgia MLB Atlanta Braves
71%
Texas NBA Dallas Mavericks
71%
Michigan NHL Detroit Red Wings
71%
Wisconsin NFL Green Bay Packers
71%
Texas NBA Houston Rockets
71%
Missouri NFL Kansas City Chiefs
71%
Pennsylvania MLB Philadelphia Phillies
71%
District of Columbia NFL Washington Commanders
71%
District of Columbia NHL Washington Capitals
71%
Illinois NHL Chicago Blackhawks
70%
Ohio NBA Cleveland Cavaliers
70%
Texas NHL Dallas Stars
70%
Florida NHL Florida Panthers
70%
Minnesota NHL Minnesota Wild
70%
New Jersey NHL New Jersey Devils
70%
New York NHL New York Islanders
70%
New York NHL New York Rangers
70%
Washington NFL Seattle Seahawks
70%
Missouri NHL St. Louis Blues
70%
Florida MLB Tampa Bay Rays
70%
Ontario NHL Toronto Maple Leafs
70%
Maryland MLB Baltimore Orioles
68%
Tennessee NBA Memphis Grizzlies
68%
Wisconsin NBA Milwaukee Bucks
68%
New York MLB New York Mets
68%
Pennsylvania NHL Philadelphia Flyers
68%
Pennsylvania NHL Pittsburgh Penguins
68%
Oregon NBA Portland Trail Blazers
68%
Texas NBA San Antonio Spurs
68%
Ontario MLB Toronto Blue Jays
68%
Nevada NHL Vegas Golden Knights
68%
Manitoba NHL Winnipeg Jets
68%
New York NHL Buffalo Sabres
67%
Ohio MLB Cincinnati Reds
67%
Missouri MLB Kansas City Royals
67%
Tennessee NHL Nashville Predators
67%
Pennsylvania MLB Pittsburgh Pirates
67%
Florida NHL Tampa Bay Lightning
67%
Ohio MLB Cleveland Guardians
66%
Quebec NHL Montreal Canadiens
66%
North Carolina NHL Carolina Hurricanes
65%
Ohio NHL Columbus Blue Jackets
65%
Texas MLB Houston Astros
65%
Wisconsin MLB Milwaukee Brewers
65%
Washington MLB Seattle Mariners
65%
Missouri MLB St. Louis Cardinals
65%
California MLB Oakland Athletics
63%
Washington NHL Seattle Kraken
63%
Texas MLB Texas Rangers
63%
Ontario NHL Ottawa Senators
61%
No matching quizzes found
Score Distribution
Percent of People with Each Score
Percentile by Number Answered
Your Score History
You have not taken this quiz